Valoración del estado de las losas de concreto reforzado de los puentes mediante el uso de los ensayos no destructivos de termografía infrarroja y radar de penetración terrestre
Збережено в:
| Автор: | |
|---|---|
| Інші автори: | |
| Формат: | Невідомо |
| Мова: | Spanish |
| Опубліковано: |
San José, [Costa Rica]
2019
|
| Предмети: | |
| Теги: |
Додати тег
Немає тегів, Будьте першим, хто поставить тег для цього запису!
|
MARC
| LEADER | 00000 a2200000 4500 | ||
|---|---|---|---|
| 003 | 013181 | ||
| 005 | 20230309130353.0 | ||
| 008 | 140114s2019 cr a 000 ||spa d | ||
| 040 | |c cru CEDI | ||
| 100 | |a Boza Olsen , Alexander |9 19416 | ||
| 245 | |a Valoración del estado de las losas de concreto reforzado de los puentes mediante el uso de los ensayos no destructivos de termografía infrarroja y radar de penetración terrestre | ||
| 260 | |a San José, [Costa Rica] |c 2019 | ||
| 500 | |a Proyecto de graduación (licenciatura en ingeniería civil)--Universidad de Costa Rica. Facultad de Ingeniería. Escuela de Ingeniería Civil | ||
| 501 | |a Director de Proyecto de Grduación. Ing. Alejandro Navas Carro. M.Sc. | ||
| 650 | |x LOSAS DE HORMIGON |x RADAR PENETRANTE DE TIERRA |x ENSAYOS NO DESTRUCTIVOS |x HORMIGON ARMADO |x TECNOLOGIA INFRARROJA |x PUENTES DE HORMIGON - METODOS DE TERMOGRAFICOS | ||
| 700 | |9 142 |a Navas Carro, Alejandro, 1967- |d Director del TFG | ||
| 942 | |c CEDI |h TFG 8331 |6 TFG_8331_000000000000000 | ||
| 999 | |c 13082 |d 13082 | ||
